Normal view
MARC view
- Coffin, G. Judith
Entry Personal Name
001 - CONTROL NUMBER
- control field: 134113
003 - CONTROL NUMBER IDENTIFIER
- control field: NUST
005 - DATE AND TIME OF LATEST TRANSACTION
- control field: 20260414160351.0
008 - FIXED-LENGTH DATA ELEMENTS
- fixed length control field: 260414|| aca||aabn | a|a d
040 ## - CATALOGING SOURCE
- Original cataloging agency: NUST
- Transcribing agency: NUST
100 ## - HEADING--PERSONAL NAME
- Personal name: Coffin, G. Judith
670 ## - SOURCE DATA FOUND
- Source citation: Work cat.: (NUST): Coffin, G. Judith., Western Civilizations /, 2005
